Manual de derecho procesal : (Registro nro. 3411)
[ vista simple ]
| 000 -CABECERA | |
|---|---|
| campo de control de longitud fija | 00930nam a2200277 u 4500 |
| 001 - NÚMERO DE CONTROL | |
| campo de control | 000051374 |
| 005 - FECHA Y HORA DE LA ÚLTIMA TRANSACCIÓN | |
| campo de control | 20200120222700.0 |
| 008 - DATOS DE LONGITUD FIJA--INFORMACIÓN GENERAL | |
| campo de control de longitud fija | 121221s2010 ck gr 000 0 spa d |
| 020 ## - NÚMERO INTERNACIONAL ESTÁNDAR DEL LIBRO | |
| Número Internacional Estándar del Libro | 9789583507687 |
| 041 0# - CÓDIGO DE LENGUA | |
| Código de lengua del texto/banda sonora o título independiente | spa |
| 043 ## - CÓDIGO DE ÁREA GEOGRÁFICA | |
| Código de área geográfica | s-ck--- |
| 082 04 - NÚMERO DE LA CLASIFICACIÓN DECIMAL DEWEY | |
| Número de clasificación | 347.861 |
| Número de documento/Ítem | A98 |
| Número de edición | 21 |
| 100 1# - ENTRADA PRINCIPAL--NOMBRE DE PERSONA | |
| Nombre de persona | Azula Camacho, Jaime, |
| Fechas asociadas al nombre | 1940- |
| 245 10 - MENCIÓN DE TÍTULO | |
| Título | Manual de derecho procesal : |
| Resto del título | tomo I : teoría general del proceso / |
| Mención de responsabilidad, etc. | Jaime Azula Camacho. |
| 250 ## - MENCIÓN DE EDICIÓN | |
| Mención de edición | 10a. ed. |
| 260 ## - PUBLICACIÓN, DISTRIBUCIÓN, ETC. | |
| Lugar de publicación, distribución, etc. | Bogotá : |
| Nombre del editor, distribuidor, etc. | Temis, |
| Fecha de publicación, distribución, etc. | 2010. |
| 300 ## - DESCRIPCIÓN FÍSICA | |
| Extensión | xxxv, 483 p. |
| 500 ## - NOTA GENERAL | |
| Nota general | Incluye índice de autores, de disposiciones y de materias |
| 500 ## - NOTA GENERAL | |
| Nota general | Ej. 1 biblioteca Mosquera con isbn 9789583510885 |
| 504 ## - NOTA DE BIBLIOGRAFÍA, ETC. | |
| Nota de bibliografía, etc. | Incluye bibliografía. |
| 650 14 - PUNTO DE ACCESO ADICIONAL DE MATERIA--TÉRMINO DE MATERIA | |
| Término de materia o nombre geográfico como elemento de entrada | Derecho procesal |
| Subdivisión general | Historia |
| Subdivisión geográfica | Colombia. |
| 650 24 - PUNTO DE ACCESO ADICIONAL DE MATERIA--TÉRMINO DE MATERIA | |
| Término de materia o nombre geográfico como elemento de entrada | Procesos (Derecho) |
| Subdivisión geográfica | Colombia. |
| 650 24 - PUNTO DE ACCESO ADICIONAL DE MATERIA--TÉRMINO DE MATERIA | |
| Término de materia o nombre geográfico como elemento de entrada | Prueba (Derecho) |
| Subdivisión geográfica | Colombia. |
| 650 24 - PUNTO DE ACCESO ADICIONAL DE MATERIA--TÉRMINO DE MATERIA | |
| Término de materia o nombre geográfico como elemento de entrada | Proceso civil |
| Subdivisión geográfica | Colombia. |
| 650 24 - PUNTO DE ACCESO ADICIONAL DE MATERIA--TÉRMINO DE MATERIA | |
| Término de materia o nombre geográfico como elemento de entrada | Demandas (Derecho procesal) |
| Subdivisión geográfica | Colombia. |
No hay ítems disponibles.
